El niño de Guzmán (Record no. 161384)

MARC details
000 -LEADER
campo de control de longitud fija 00943nam a2200241 i 4500
001 - NÚMERO DE CONTROL
campo de control 161384
003 - IDENTIFICADOR DE NÚMERO DE CONTROL
campo de control ES-MaACL
005 - FECHA Y HORA DE LA ÚLTIMA TRANSACCIÓN
campo de control 20250303062547.0
008 - DATOS DE LONGITUD FIJA--INFORMACIÓN GENERAL
campo de control de longitud fija 971003q1899 sp |||| | spa d
100 1# - ENTRADA PRINCIPAL--NOMBRE DE PERSONA
Nombre de persona Pardo Bazán, Emilia,
Títulos y otros términos asociados al nombre Condesa de,
Fechas asociadas al nombre 1851-1921
9 (RLIN) 176434
245 13 - MENCIÓN DEL TÍTULO
Título El niño de Guzmán
Resto del título : novela /
Mención de responsabilidad, etc. Emilia Pardo Bazán.
260 ## - PUBLICACIÓN, DISTRIBUCIÓN, ETC.
Lugar de publicación, distribución, etc. Madrid :
Nombre del editor, distribuidor, etc. Administración calle de S. Bernardo, 37,
Fecha de publicación, distribución, etc. [1899?] (
Fabricante Estab. Tip. de Idamor Moreno)
300 ## - DESCRIPCIÓN FÍSICA
Extensión 150 p. ;
Dimensiones 20 cm.
490 1# - MENCIÓN DE SERIE
Mención de serie Obras completas de Emilia Pardo Bazán ;
Designación de volumen o secuencia 18
530 ## - NOTA DISPONIBLE DE FORMULARIO FÍSICO ADICIONAL
Nota de formato físico adicional disponible Disponible en formato digital.
700 1# - ENTRADA AGREGADA--NOMBRE PERSONAL
Nombre de persona Moreno, Idamor.
9 (RLIN) 130190
752 ## - ENTRADA AGREGADA--NOMBRE JERÁRQUICO DEL LUGAR
País o entidad superior España -
Ciudad Madrid
830 0# - PUNTO DE ACCESO ADICIONAL DE SERIE-TÍTULO UNIFORME
Título uniforme Obras completas de Emilia Pardo Bazán ;
Designación de volumen o secuencia 18
9 (RLIN) 176456
852 ## - LOCALIZACIÓN
Ubicación ES-MaACL
Número de control de estantería B-4097
Nota libre - Enc. hol., conservando cub. original
856 ## - LOCALIZACIÓN Y ACCESO ELECTRÓNICOS
Identificador Uniforme de Recursos <a href="http://bdh-rd.bne.es/viewer.vm?id=0000108692&page=1 ">http://bdh-rd.bne.es/viewer.vm?id=0000108692&page=1 </a>
Nota pública Biblioteca Digital Hispánica
942 ## - ELEMENTOS DE ENTRADA SECUNDARIOS (KOHA)
Fuente del sistema de clasificación o colocación Clasificación decimal universal
Holdings
Estatus retirado Estado de pérdida Estado de daño No para préstamo Colección Biblioteca de origen Biblioteca actual Ubicación en estantería Fecha de adquisición Fuente de adquisición Total de préstamos Signatura topográfica completa Código de barras Visto por última vez Precio de reemplazo Tipo de ítem Koha
        Colección digital Biblioteca del Ateneo de Madrid Biblioteca del Ateneo de Madrid Sala Pardo Bazán 17/01/2008     B-4097 1169046 23/02/2023 23/02/2023 Libro impreso antiguo